000 00613nam a2200229Ia 4500
003 OSt
005 20221006145106.0
006 a|||||r|||| 00| 0
007 ta
008 221006b |||||||| |||| 00| 0 eng d
024 _a13,765
037 _cTextual
040 _aEASL
_cEASL
_beng
041 _2eng
_aeng
082 _aV58:195(zB).N5, J8
100 _aKENNAN George F
245 0 _aRussia the atom and the west
260 _aNew York
_bHarper & Brothers Pub.
_c1958
300 _ap.
_ccm.
942 _hV58:195(zB).N5, J8
_cTEXL
_2CC
999 _c1081851
_d1081851